000 01039nam a22002537a 4500
999 _c18984
_d18984
003 AR-CdUCM
008 190516b ||||| |||| 00| 0 spa d
020 _a968-816-012-1
040 _aMUNICIPALIDAD PROVINCIAL DEL CUSCO
_cBIBLIOTECA MUNICIPAL DEL CUSCO
082 _a974 /
_bM14
110 _aComité Interno de Ediciones Gubernamentales.
_939977
245 _aMadero: Presencia de la revolución Mexicana /
260 _aMéxico :
_bComité Interno de Ediciones Gubernamentales,
_c1983.
300 _a180 páginas ;
_bilustraciones,
_c22 cm.
440 _aColección Conciencia Cívica Nacional.
_n8
_939978
505 _aContenido: El movimiento armado -- Artículos, relatos y crónicas -- Biografías -- Corridos y versos -- Documentos.
650 _aMéxico
_918
650 _aÉpoca revolucionaria
_939979
650 _aHistoria
_9136
710 _aDirección General de Información Análisis Estadístico
_939980
710 _aDepartamento del Distrito Federal.
_912486
942 _2ddc
_cLIBROS
945 _aachl
_d2019-05-16